00530 2200217 4500001002100000008004100021035002000062245005600082100001900138250000600157260003100163300001200194020002200206084001400228082000800242650001400250990001200264990001200276990001200288990001200300INLIS000000000001250 ind  a0010-0524000485 aBuku Panduan Guru Matematika Kelas XcDicky Susanto aSusanto, Dicky a1 aJakarta :bKEMDIKBUDc2021 a302 hlm a978-602-244-536-1 a510 DIC m a510 aNon Fiksi a0747322 a0747323 a0747324 a0747325